Obálka Náhled e-knihy:
PDF Epub
Pro půjčování e-knih musíte být přihlášeni.
Jak si půjčit online?

Povídky z jedné kapsy /

Soubor povídek je napsán podle skutečnosti. Něco se událo už v mém raném dětství, něco v mládí, něco v průběhu středních let a něco až v pozdním věku.

Uloženo v:
Hlavní autor: Rýznarová, Miloslava (Autor)
Médium: E-kniha
Jazyk:Czech
Vydáno: Praha : E-knihy jedou, 2023
Tagy:
Žádné tagy
LEADER 01139nam a22002297i 4500
001 312209
007 ta
008 260601s2023 xr ||||| |||| 00| 0 cze d
020 |a 9990003924346 
044 |a xr 
100 1 |a  Rýznarová, Miloslava  |4 aut 
245 1 0 |a Povídky z jedné kapsy /  |c  Rýznarová, Miloslava 
264 1 |a Praha :  |b E-knihy jedou,  |c 2023 
300 |a 1 online zdroj (203 stran) 
336 |a text  |b txt  |2 rdacontent 
337 |a bez média  |b n  |2 rdamedia 
338 |a online zdroj  |b cr  |2 rdacarrier 
520 2 |a Soubor povídek je napsán podle skutečnosti. Něco se událo už v mém raném dětství, něco v mládí, něco v průběhu středních let a něco až v pozdním věku. 
910 |a RBIT002 
998 |d 392434  |a https://core.palmknihy.cz/api/books/392434/cover?s4uiyp  |b https://core.palmknihy.cz/api/books/392434/cover/400?s4uiyp  |c https://core.palmknihy.cz/api/books/392434/cover/50?s4uiyp  |e   |g 203  |i 9990003924346  |j https://core.palmknihy.cz/api/books/392434/preview.epub  |k https://core.palmknihy.cz/api/books/392434/preview.pdf  |l   |q 49  |r 1  |s https://www.palmknihy.cz/kniha/392434  |t ebook  |y 2023  |z 1 
999 |d 312207